Państwa z dostępem do morza - nagła śmierć - Statystyki

Ogólne statystyki
  • Ten quiz został rozwiązany 114 razy
    107 od ostatniego zresetowania
  • Średni wynik to 9 z 14
Answers on the Grid
Answers color-coded by a green-red scale on the quiz's grid according to % correct below.
Czechy
Bośnia i Hercegowina
Rosja
Czad
Francja
Laos
Kazachstan
Uzbekistan
Iran
Mali
Botswana
Austria
Serbia
Peru
Belize
Demokratyczna Republika Konga
Gambia
Etiopia
Togo
Tajlandia
Indonezja
Ekwador
Gruzja
Polska
 
Statystyki odpowiedzi
Odpowiedź % Poprawnych
Rosja
90%
Polska
84%
Francja
81%
Tajlandia
81%
Indonezja
79%
Bośnia i Hercegowina
69%
Peru
69%
Ekwador
64%
Gruzja
60%
Iran
60%
Belize
59%
Togo
57%
Demokratyczna Republika Konga
48%
Gambia
47%
Nie znaleziono quizów pasujących do podanych kryteriów
Rozkład punktacji
Procent ludzi z każdym wynikiem
Percentyl według liczby udzielonych odpowiedzi
Twoja historia wyników
Nie rozwiązałeś tego quizu od ostatniego zresetowania